000 00657nam a2200229Ia 4500
003 OSt
005 20221005133823.0
006 a|||||r|||| 00| 0
007 ta
008 221004b |||||||| |||| 00| 0 pan d
024 _a113160
037 _cTextual
040 _aCRL
_cCRL
_bpan
041 _2pan
_apan
082 _aV2:51wM9, 153N3
100 _aਪਾਂਧੀ, ਨਨਕਾਣਵੀ
245 0 _aਬਿਖਮ ਮਾਰਗਿ ਚਲਣਾ
260 _c1993
650 _aਭਾਰਤੀਯ ਇਤਿਹਾਸ
942 _hV2:51wM9, 153N3
_cTEXL
_2cc
999 _c1067984
_d1067984